<?xml version="1.0" encoding="UTF-8"?>
<record
    xmlns:xsi="http://www.w3.org/2001/XMLSchema-instance"
    xsi:schemaLocation="http://www.loc.gov/MARC21/slim http://www.loc.gov/standards/marcxml/schema/MARC21slim.xsd"
    xmlns="http://www.loc.gov/MARC21/slim">

  <leader>01489nam0a22003251  4500</leader>
  <controlfield tag="001">v19\rc\1582437</controlfield>
  <controlfield tag="005">20250619051137.0</controlfield>
  <datafield tag="035" ind1=" " ind2=" ">
    <subfield code="a">(NLR Aleph) 004836047</subfield>
  </datafield>
  <datafield tag="090" ind1=" " ind2=" ">
    <subfield code="a">4772405</subfield>
    <subfield code="c">4772405</subfield>
  </datafield>
  <datafield tag="100" ind1=" " ind2=" ">
    <subfield code="a">20061002d1894    |||y0rusy50      ca</subfield>
  </datafield>
  <datafield tag="101" ind1="1" ind2=" ">
    <subfield code="a">rus</subfield>
    <subfield code="c">eng</subfield>
  </datafield>
  <datafield tag="102" ind1=" " ind2=" ">
    <subfield code="a">RU</subfield>
  </datafield>
  <datafield tag="105" ind1=" " ind2=" ">
    <subfield code="a">y   z   |||a|</subfield>
  </datafield>
  <datafield tag="200" ind1="1" ind2=" ">
    <subfield code="a">&#x41F;&#x43E;&#x434; &#x442;&#x435;&#x43D;&#x44C;&#x44E; &#x43C;&#x435;&#x447;&#x430;</subfield>
    <subfield code="d">(The shadow of the sword)</subfield>
    <subfield code="e">&#x420;&#x43E;&#x43C;&#x430;&#x43D; &#x438;&#x437; &#x44D;&#x43F;&#x43E;&#x445;&#x438; &#x41D;&#x430;&#x43F;&#x43E;&#x43B;&#x435;&#x43E;&#x43D;&#x430; I</subfield>
    <subfield code="e">&#x41F;&#x435;&#x440;. &#x441; &#x430;&#x43D;&#x433;&#x43B;.</subfield>
    <subfield code="f">[&#x421;&#x43E;&#x447;.] &#x420;&#x43E;&#x431;&#x435;&#x440;&#x442;&#x430; &#x411;&#x443;&#x43A;&#x430;&#x43D;&#x430;&#x43D;&#x430;</subfield>
    <subfield code="z">eng</subfield>
  </datafield>
  <datafield tag="210" ind1=" " ind2=" ">
    <subfield code="a">&#x421;&#x430;&#x43D;&#x43A;&#x442;-&#x41F;&#x435;&#x442;&#x435;&#x440;&#x431;&#x443;&#x440;&#x433;</subfield>
    <subfield code="c">&#x442;&#x438;&#x43F;. &#x410;.&#x421;. &#x421;&#x443;&#x432;&#x43E;&#x440;&#x438;&#x43D;&#x430;</subfield>
    <subfield code="d">1894</subfield>
  </datafield>
  <datafield tag="215" ind1=" " ind2=" ">
    <subfield code="a">230 &#x441;.</subfield>
    <subfield code="d">24</subfield>
  </datafield>
  <datafield tag="311" ind1=" " ind2=" ">
    <subfield code="a">&#x41F;&#x440;&#x438;&#x43B;. &#x43A; &#x436;&#x443;&#x440;&#x43D;. "&#x418;&#x441;&#x442;&#x43E;&#x440;&#x438;&#x447;. &#x432;&#x435;&#x441;&#x442;&#x43D;&#x438;&#x43A;", 1894, &#x44F;&#x43D;&#x432;.-&#x441;&#x435;&#x43D;&#x442;.</subfield>
  </datafield>
  <datafield tag="316" ind1=" " ind2=" ">
    <subfield code="a">&#x42D;&#x43A;&#x437;. &#x420;&#x41D;&#x411; (1/205): &#x43F;&#x440;&#x438;&#x43F;&#x43B;&#x435;&#x442;&#x435;&#x43D; &#x43A; "&#x418;&#x441;&#x442;. &#x432;&#x435;&#x441;&#x442;&#x43D;&#x438;&#x43A;&#x443;" &#x437;&#x430; 1894 &#x433;.</subfield>
    <subfield code="5">NLR: 1/205</subfield>
  </datafield>
  <datafield tag="422" ind1=" " ind2="0">
    <subfield code="1">2001#$a&#x418;&#x441;&#x442;&#x43E;&#x440;&#x438;&#x447;&#x435;&#x441;&#x43A;&#x438;&#x439; &#x432;&#x435;&#x441;&#x442;&#x43D;&#x438;&#x43A;$v1894, &#x44F;&#x43D;&#x432;.-&#x441;&#x435;&#x43D;&#x442;.</subfield>
    <subfield code="t">&#x418;&#x441;&#x442;&#x43E;&#x440;&#x438;&#x447;&#x435;&#x441;&#x43A;&#x438;&#x439; &#x432;&#x435;&#x441;&#x442;&#x43D;&#x438;&#x43A;</subfield>
  </datafield>
  <datafield tag="482" ind1=" " ind2="0">
    <subfield code="1">2001#$a&#x418;&#x441;&#x442;&#x43E;&#x440;&#x438;&#x447;&#x435;&#x441;&#x43A;&#x438;&#x439; &#x432;&#x435;&#x441;&#x442;&#x43D;&#x438;&#x43A;$v1894</subfield>
    <subfield code="t">&#x418;&#x441;&#x442;&#x43E;&#x440;&#x438;&#x447;&#x435;&#x441;&#x43A;&#x438;&#x439; &#x432;&#x435;&#x441;&#x442;&#x43D;&#x438;&#x43A;</subfield>
  </datafield>
  <datafield tag="510" ind1="0" ind2=" ">
    <subfield code="a">(The shadow of the sword)</subfield>
    <subfield code="z">eng</subfield>
  </datafield>
  <datafield tag="700" ind1=" " ind2="1">
    <subfield code="9">z01790</subfield>
    <subfield code="a">&#x411;&#x44C;&#x44E;&#x43A;&#x435;&#x43D;&#x435;&#x43D;</subfield>
    <subfield code="b">&#x420;.&#x412;.</subfield>
    <subfield code="f">1841-1901</subfield>
    <subfield code="g">&#x420;&#x43E;&#x431;&#x435;&#x440;&#x442; &#x412;&#x438;&#x43B;&#x44C;&#x44F;&#x43C;&#x441;</subfield>
  </datafield>
  <datafield tag="702" ind1=" " ind2="0">
    <subfield code="a">&#x41D;&#x430;&#x43F;&#x43E;&#x43B;&#x435;&#x43E;&#x43D;</subfield>
    <subfield code="c">&#x444;&#x440;. &#x438;&#x43C;&#x43F;.</subfield>
    <subfield code="d">I</subfield>
    <subfield code="f">1769-1821</subfield>
    <subfield code="4">570</subfield>
  </datafield>
  <datafield tag="790" ind1=" " ind2="1">
    <subfield code="9">z01700</subfield>
    <subfield code="a">&#x411;&#x443;&#x43A;&#x430;&#x43D;&#x430;&#x43D;</subfield>
    <subfield code="b">&#x420;.</subfield>
    <subfield code="f">1841-1901</subfield>
    <subfield code="g">&#x420;&#x43E;&#x431;&#x435;&#x440;&#x442;</subfield>
  </datafield>
  <datafield tag="801" ind1=" " ind2="0">
    <subfield code="a">RU</subfield>
    <subfield code="b">NLR</subfield>
    <subfield code="g">psbo</subfield>
  </datafield>
  <datafield tag="801" ind1=" " ind2="1">
    <subfield code="a">RU</subfield>
    <subfield code="b">ProSoft-M</subfield>
    <subfield code="2">rusmarc</subfield>
  </datafield>
  <datafield tag="852" ind1=" " ind2=" ">
    <subfield code="a">NLR</subfield>
    <subfield code="j">1/205(&#x43F;&#x435;&#x440;&#x438;&#x43E;&#x434;.)</subfield>
  </datafield>
  <datafield tag="852" ind1=" " ind2=" ">
    <subfield code="a">NLR</subfield>
    <subfield code="j">80-7/424</subfield>
  </datafield>
  <datafield tag="942" ind1=" " ind2=" ">
    <subfield code="c">BOOK</subfield>
  </datafield>
  <datafield tag="980" ind1=" " ind2=" ">
    <subfield code="a">NB</subfield>
  </datafield>
  <datafield tag="995" ind1=" " ind2=" ">
    <subfield code="5">2013-10-26</subfield>
    <subfield code="b">NLR01</subfield>
    <subfield code="c">NLR01</subfield>
    <subfield code="e">RJFS</subfield>
    <subfield code="f">4836047-10</subfield>
    <subfield code="k">1/205(&#x43F;&#x435;&#x440;&#x438;&#x43E;&#x434;.)</subfield>
    <subfield code="o">0</subfield>
    <subfield code="r">BOOK</subfield>
    <subfield code="s">1205_</subfield>
  </datafield>
  <datafield tag="995" ind1=" " ind2=" ">
    <subfield code="5">2013-10-26</subfield>
    <subfield code="b">NLR01</subfield>
    <subfield code="c">NLR01</subfield>
    <subfield code="e">RF9</subfield>
    <subfield code="f">4836047-20</subfield>
    <subfield code="k">80-7/424</subfield>
    <subfield code="o">0</subfield>
    <subfield code="r">BOOK</subfield>
    <subfield code="s">807424_</subfield>
  </datafield>
</record>
